000 00612nam a2200229 i 4500
001 19469
003 ES-MaACL
005 20230906152113.0
007 t|
008 020902s2001 sp ||||1| spa d
020 _a84-344-1224-1
080 _a316.647.7
080 _a291.7
100 1 _aOtero Novas, José Manuel.
_987915
245 1 0 _aFundamentalismos enmascarados /
_cJosé Manuel Otero Novas.
250 _a1ª ed.
260 _aBarcelona :
_bAriel,
_c2001.
300 _a408 p. ;
_c23 cm.
650 1 4 _aFanatismo.
_912714
650 4 _aIntegrismo.
_913842
852 _aES-MaACL
_jL-25903
_bR.130795
999 _c19469
_d19469